00477nam a22001577a 4500003001000000005001700010008004100027020001500068040000900083082001500092100004500107245007600152260005800228300002100286650001200307NUST-PNEC20170116180744.0150115b xxu||||| |||| 00| 0 eng d a9698383042 cPNEC a153.94 PBP aPBP (Professional Business Publications) aCA Exams study text : Foundation examination-1 paper 3.1 mercantile law aLahore :bProfessional Business Publications,cc1996. a327 p. :c30 cm. xGeneral